The Sanatan Dharma; (Record no. 210526)

MARC details
000 -LEADER
fixed length control field 00657nam a22002057a 4500
005 - DATE AND TIME OF LATEST TRANSACTION
control field 20250326163020.0
010 ## - LCCN (DPL NO)
LC control number ENG-144273
020 ## - INTERNATIONAL STANDARD BOOK NUMBER
International Standard Book Number 9788197352904
Terms of availability 270.00
035 ## - SYSTEM CONTROL NUMBER
System control number EN-127805
037 ## - SOURCE OF ACQUISITION
Source of stock number/acquisition DBAD
082 ## - DEWEY DECIMAL CLASSIFICATION NUMBER
Classification number 181.45
Edition number 1
100 ## - MAIN ENTRY--PERSONAL NAME
Personal name Karulkar, Vivan
245 ## - TITLE STATEMENT
Title The Sanatan Dharma;
Remainder of title True Source of All Technology/
Statement of responsibility, etc Vivan Karulkar
250 ## - EDITION STATEMENT
Edition statement 1
260 ## - PUBLICATION, DISTRIBUTION, ETC. (IMPRINT)
Place of publication, distribution, etc Mumbai
Name of publisher, distributor, etc Ek Sath Broadcasting Pvt. Ltd.
Date of publication, distribution, etc 2024
270 ## - ADDRESS
Address 603-Western Edge -1, Western Express Highway, Above Metro Wholesale, Borivali(east)
City Mumbai
Postal code 400066
300 ## - PHYSICAL DESCRIPTION
Extent 107p.
Dimensions 22cm(Hb)
700 ## - ADDED ENTRY--PERSONAL NAME
9 (RLIN) 79478
942 ## - ADDED ENTRY ELEMENTS (KOHA)
Source of classification or shelving scheme Dewey Decimal Classification
Item type English Books
Call number suffix KAR
Classification part 181.45
Holdings
Withdrawn status Lost status Not for loan Collection code Home library Current library Date acquired Source of acquisition Cost, normal purchase price Full call number Barcode Copy number Cost, replacement price Koha item type
      Non-fiction Sarojini Nagar Sarojini Nagar 26/03/2025 DBAD 270.00 KAR 181.45 EN-127805 1 270.00 English Books

© Delhi Public Library
Hit Counter
free hit counter